Statistics for Music Decoder #1

Click here to take the quiz!

General Stats

  • This quiz has been taken 51 times
  • The average score is 11 of 22

Answer Stats

ClueAnswer% Correct
RPrimary colour and name of a Taylor Swift album
Red
91%
PThey don't need no education Pink Floyd
80%
ACanadian singer who had a great time in the summer of '69 Adams, Bryan
77%
HElton John's middle name or Grecian strongman Hercules
77%
SFormer lead singer of No Doubt, who went on to have her own solo career Stefani, Gwen
73%
AKelly Clarkson and Carrie Underwood both won this TV talent show American Idol
70%
HBrothers Isaac, Taylor and Zac who unleashed "MMMBop" Hanson
70%
THit song from Terrorvision or alcoholic beverage made from the blue agave plantTequila
70%
T2004 song which won Britney Spears her first Grammy award Toxic
70%
H"______, Better, Faster, Stronger" 2001 hit for Daft PunkHarder
55%
LAmerican singer who had hits with "Waiting For Tonight" and "Love Don't Cost A Thing"Lopez, Jennifer
45%
LBritish girl group who won the TV talent 'The X Factor' in 2011 Little Mix
43%
S2008 single from Kings Of Leon, which was their first number one in Australia, Finland, Ireland and the UK Sex On Fire
43%
ESinger/songwriter who is the best-selling Irish solo artist in history Enya
41%
AOne of the 'big four' of thrash metal or a rare but serious illness Anthrax
39%
RComplete the line-up: Knowles, Williams, …? Rowland, Kelly
36%
E1995 Michael Jackson song which has themes of the environment and animal welfare Earth Song
32%
Eminem
27%
MThe Who and Limp Bizkit both released a single with this title My Generation
27%
The Marshall Mathers LP
27%
LDebut album from Avril Lavigne Let Go
23%
MBlack Eyed Peas album which featured "My Humps" and "Pump It" Monkey Business
18%

Score Distribution

Percentile by Number Answered

Percent of People with Each Score

Your Score History

You have not taken this quiz